| 000 | 01428nam a22002657i 4500 | ||
|---|---|---|---|
| 999 |
_c23072 _d23072 |
||
| 003 | AR-CdUCM | ||
| 008 | 240923b20232023 ped|||| |||| 00| 0 spa d | ||
| 020 | _a978-612-00-9144-9 | ||
| 040 |
_aMUNICIPALIDAD PROVINCIAL DEL CUSCO _cBIBLIOTECA MUNICIPAL DEL CUSCO |
||
| 041 | _hspa | ||
| 082 |
_2Primera edición. _a616.4624 / N94 _bN94 |
||
| 100 |
_aNuñez del Prado Morvely, Karen Mabel _950589 |
||
| 245 |
_aPercepción Sociocultural de la Diabetes Mellitus Tipo II : _bUn estudio de la enfermedad en la ciudad del Cusco / |
||
| 260 |
_aCusco : _c2023 |
||
| 300 |
_a208 páginas. : _c21 cm. |
||
| 500 | _zBibliografía: 204-208 páginas. | ||
| 505 | _aLa problemática de la diabetes -- Antecedentes empíricos de la investigación -- Antecedentes internacionales de estudios de Diabetes en Ciencias Sociales -- Antecedentes internacionales de investigación médicas en Diabetes -- Antecedentes Nacionales -- Antecedentes Nacionales en Ciencias de la Salud relacionado a tesis sobre Diabetes -- Antecedentes Regionales en Ciencias Sociales relacionada a la Enfermedad y la medicina tradicional -- Antecedentes de Regionales en Ciencias de la Salud respecto a la diabetes | ||
| 650 |
_aInvestigación _91940 |
||
| 650 |
_aDiabetes _950590 |
||
| 650 |
_aDiagnóstico de diabetes _950591 |
||
| 650 |
_aSalud _98684 |
||
| 650 |
_aDiabetes Mellitus tipo II _950592 |
||
| 942 |
_2ddc _cLIBROS |
||
| 945 |
_apbj _d2024-09-23 |
||